00445nam a22001577a 450000500170000000800410001704000070005804100120006508200220007710000170009924500430011626000570015930000330021665000190024970000190026820230421100213.0230421b ||||| |||| 00| 0 eng d cAL aEnglish 223a310/110bSRIC aM N Srinivas aCaste in Modern India and other Essays aBombaybMedia Promoters and Publishers Pvt Ltdc1962 aviii,171 p.bPBc21.5x14 cm. aSocial Classes aSRINIVAS (M N)